000 04297nas a22003497a 4500
001 VMC320
003 MEC
005 20260112154958.0
008 161124d18821887tu |||p||||||||| ||tur|d
040 _aAM-YeNLA
_barm
_cAM-YeHGA
041 0 _atur
245 0 0 _aՖԷԼԷՔ :
_bՄուսավվէր: Րիսալէյի իլմիյէ, Էտէպիյէ, սանաիյէ, թիւճճարիյէ, հիքեաեէ վէ մէպահիսի միւֆիտէյի սաիրէ /
_cԷսէրի՝ Յովհաննէս Յ․ Պալըգճեան.
246 1 3 _aՃակատագիր :
_bԳիտական, գրական, արուեստական, առեւտրական, իրաւական եւ այլ օգտակար հոդուածներու ժողովածու /
260 _aԻսթանպօլ :
_bՄաթպա՛աի Արամեան,
_c1882-1887.
300 _a16 երես ;
_b(կիսամսեայ).
_c26 x 18 սմ.
362 0 _a1882-1887.
500 _aՊարբերականը գրական յաւելուածներ ունեցած է: Յովհաննէս Յ. Պալըգճեանի «Գայսէրիյէնին աթիգ գօճապաշըլըղը» հայատառ թուրքերէն վէպը պարբերականին յաւելուածներուն մէջ հրատարակուած է, որոնք 58 էջ կազմած են: <a href= " https://arar.sci.am/dlibra/publication/439594?language=hyw#structure"> <b> 1882 </a> </b> Թիւ 1 - Թիւ 24։ <a href= " https://arar.sci.am/dlibra/publication/439595?language=hyw#structure"> <b> 1883 </a> </b> Թիւ 1 - Թիւ 24։ <a href= " https://arar.sci.am/dlibra/publication/439596?language=hyw#structure"> <b> 1884 </a> </b> Թիւ 1 - Թիւ 6։ <a href= " hhttps://arar.sci.am/dlibra/publication/439597?language=hyw#structure"> <b> 1885 </a> </b> Թիւ 1, Թիւ 2։
520 _a1882 Ճիւզի Էվվէլ, Մաթպա՛աի Արամեան։<br/> 1883 Մաթպա՛աի Արամեան։<br/>1884 Իւչինճի Սէնէ - Պիրիճի Ճիլտ; Իւչինճի Սէնէ - Իքինճի Ճիլտ; Իւչինճի Սէնէ - Իւչինճի Ճիւզ; Իւչինճի Սէնէ - Տէօրտիւնճի Ճիւզ; Իւչինճի Սէնէ - Պէշինճի Ճիւզ; Իւչինճի Սէնէ - Ալթընճը Ճիւզ; Մաթպա՛աի Արամեան։<br/>1885 Տէօրտիւնճիւ Սէնէ - Յունվար; Տէօրտիւնճիւ Սէնէ -Փետրվար; Մաթպա՛աի Գ․ Պաղտատլեան (Արամեան)։
546 _aԲնագիրը` հայատառ թուրքերէն
563 _a1882 Թիւերը կազմուած եւ ամփոփուած են մէկ առանձին թղթածրարում. դասիչն է <b>589 L I-4</b><br/><b>Վիեննական Մխիթարեան Մենաստանում</b> առկայ են : 1883 Թիւերը կազմուած եւ ամփոփուած են մէկ առանձին թղթածրարում. դասիչն է <b>590 L I-4</b><br/><b>Վիեննական Մխիթարեան Մենաստանում</b> առկայ են : 1884-1885 Թիւերը կազմուած եւ ամփոփուած են մէկ առանձին թղթածրարում. դասիչն է <b>0591 L I-4</b><br/><b>Վիեննական Մխիթարեան Մենաստանում</b> առկայ են : <a href= " https://arar.sci.am/dlibra/publication/439594?language=hyw#structure"> <b> 1882 </a> </b> Թիւ 1 - Թիւ 24։ <a href= " https://arar.sci.am/dlibra/publication/439595?language=hyw#structure"> <b> 1883 </a> </b> Թիւ 1 - Թիւ 24։ <a href= " https://arar.sci.am/dlibra/publication/439596?language=hyw#structure"> <b> 1884 </a> </b> Թիւ 1 - Թիւ 6։ <a href= " https://arar.sci.am/dlibra/publication/439597?language=hyw#structure"> <b> 1885 </a> </b> Թիւ 1, Թիւ 2։ <br/>
650 4 _aՀայագիր թրքերէն մամուլ
_yXIX դ
_vՊարբերականներ
650 4 _aտպ. "Արամեան"
650 4 _aտպ. "Գարեգին Պաղտատլեան"
651 4 _aԻսթամպուլ
651 4 _aԹուրքիա
651 4 _aԵւրոպա
655 4 _aԱմսագիր
700 1 _aՊալըգճեան, Յովհաննէս,
_eխմբ.
856 4 1 _uhttps://arar.sci.am/dlibra/publication/439585?language=hyw#structure
_yԿարդալ առցանց - Read Online - Online lesen - Leggi online
942 _2udc
_cP
_n0
999 _c251
_d251